|
|
|
|
| LEADER |
00000nab a2200000 a 4500 |
| 001 |
vtls000718780 |
| 003 |
SK-MaSNL |
| 005 |
20260302194917.0 |
| 008 |
180206c2000 xo 0 slo |
| 015 |
|
|
|a SNBRB2000/04-09916
|
| 035 |
|
|
|a CLN000070947
|
| 040 |
|
|
|a SNKBUCL
|b slo
|c SNKBUCL
|e AACR2
|
| 041 |
0 |
|
|a slo
|
| 044 |
|
|
|a xo
|c SK
|
| 080 |
|
|
|a 328.1(437.6):331.881:331.882
|2 UDC-MRF-SK2
|
| 080 |
|
|
|a 331.881/.882(437.6):328.1(437.6)
|2 UDC-MRF-SK2
|
| 100 |
1 |
|
|a Poprocká, Patricia
|4 aut
|9 691341
|
| 245 |
1 |
0 |
|a Negarantovaný zmier
|b Generálnu dohodu na rok 2000 podpíšu v piatok
|c Patricia Poprocká
|
| 300 |
|
|
|b Fotogr.
|
| 610 |
|
7 |
|a Slovensko
|b Vláda
|x zasadanie
|y 15.3.2000
|2 snkbucl
|9 908291
|
| 630 |
0 |
7 |
|a Generálna dohoda
|z Slovensko
|y 2000
|2 snkbucl
|9 915675
|
| 655 |
|
7 |
|a články z novín a časopisov
|2 snkbucl
|9 267496
|
| 773 |
0 |
|
|x 1335-4051
|t Pravda
|g Roč. 10, č. 63 (16.3.2000), s. 2
|
| 850 |
|
|
|a Slovenská národná knižnica v Martine
|
| 852 |
|
|
|a SNK
|b KIS3GCP
|
| 958 |
|
|
|a RBX
|
| 999 |
|
|
|c 1450488
|d 1452418
|